000 00935nam a2200301Ia 4500
001 dia_3017
003 CHAP
005 20230310111332.0
008 220117s1990 xx 000 0 und d
010 _a173522
020 _a968-18-1617-X
040 _cCHAP
082 _a558.1 A25 1990
100 _aAckoff, Russell L.
_9614
245 _aPlaneación de la empresa del futuro : planear o ser planeado /
_c Russell L. Ackoff ; traducción Esteban Torres Alexander
260 _aMéxico :
_b Limusa,
_c1990
300 _a354 p.
500 _aTítulo original: Creating the corporate future
503 _aC/e
504 _aBibliografía: p. 345- 350
650 _aAdministración
_9918
650 _aPlaneación
_988697
700 _aTorres Alexander, Esteban, tr.
_9153891
901 _a558.1 A25 1990
902 _aM
905 _a0000001990 mx imn 0000000000spa00
942 _cLIBRO
_2ddc
999 _c173522
_d173522